000 00859cam a22002652 4500
001 450819175
003 DE-627
005 20250116141630.0
007 tu
008 990101s1920 xx ||||| 00| ||und c
035 _a(DE-627)450819175
035 _a(DE-599)GBV450819175
035 _a(OCoLC)72127161
040 _aDE-627
_bger
_cDE-2950
_erakwb
_dDE-2950
245 1 0 _a10 Jahre Siedlungstätigkeit der Landgesellschaft Eigene Scholle <1.7.1910-30.6.1920> /
_cherausgegeben von der Landgesellschaft Eigene Scholle
264 1 _aFrankfurt a. O.:
_bEigene Scholle,
_c1920
300 _a52 S. :
_bAbbildungen
336 _aText
_btxt
_2rdacontent
337 _aohne Hilfsmittel zu benutzen
_bn
_2rdamedia
338 _aBand
_bnc
_2rdacarrier
653 _aFrankfurt (Oder)
653 _aLandgesellschaft "Eigene Scholle"
942 _2z
_cB
951 _aBO
999 _c373560
_d373560